01141nam a22001577a 4500003000400000008004100004020001800045082000800063100001800071245002200089250002700111260005400138300004900192500070400241650003800945OSt200708b ||||| |||| 00| 0 eng d a9780940780422 a547 aDAVIS, A.Gene aOrganic Chemistry a1st (November 1, 2013) aNew DelhibScientific Publishing Services Pvt Ltd aPg. 206, Dimensions: 8.8 x 0.5 x 11.2 inches aA clear, concise overview of the most important principles and reactions in Organic Chemistry. The purpose of this book is to help make the understanding of organic chemistry successful, easier, and even enjoyable! The approach assumes that organic chemistry is based on a firm foundation of simple and intuitive principles, and that new information can be incorporated, and problems can be solved, by directly applying these basic principles. Emphasizes understanding over rote memorization and facilitates the rapid and enjoyable learning of this difficult subject. Ideal for all undergraduate college Organic Chemistry courses or as a brush up to assist understanding in med school biochemistry. aPharmaceutical Organic Chemistory